| 000 | 01528nam a22004217a 4500 | ||
|---|---|---|---|
| 001 | 424 | ||
| 003 | FISKH | ||
| 005 | 20230412165012.0 | ||
| 008 | 230412b cb ||||| |||| 00| 0 eng d | ||
| 020 | _a9780375802973 (trade) | ||
| 020 | _a0439241251 | ||
| 020 | _a9780375902970 (lib. bdg.) | ||
| 040 |
_aDLC _cDLC _dDLC _dFISKH _beng |
||
| 042 | _apcc | ||
| 043 | _ae------ | ||
| 050 | 0 | 0 |
_aCR4529.E85 _bO84 2011 |
| 082 | 0 | 0 |
_a940.1 _222 |
| 100 | 1 | _aOsborne, Will. | |
| 245 | 1 | 0 |
_aKnights and castles / _cby Will Osborne and Mary Pope Osborne ; illustrated by Sal Murdocca. |
| 260 |
_aNew York : _bScholastic _c2011. |
||
| 300 |
_a119 pages : _billustrations. ; _c20 cm. |
||
| 490 | 0 | _aMagic tree house fact tracker | |
| 500 | _aIncludes index. | ||
| 500 | _a"A nonfiction companion to Magic Tree House #2: The Knight at Dawn by Will Osborne and Mary Pope Osborne." | ||
| 500 | _a"Originally published by Random House Children's Books, New York, in 2000." | ||
| 505 | _aM | ||
| 521 | 8 |
_a690
_bLexile |
|
| 521 | 8 |
_aM
_bRaz-Plus |
|
| 650 | 0 |
_aKnights and knighthood _zEurope _vJuvenile literature. |
|
| 650 | 0 |
_aCastles _zEurope _vJuvenile literature. |
|
| 650 | 0 |
_aCivilization, Medieval _vJuvenile literature. |
|
| 700 | 1 | _aOsborne, Mary Pope. | |
| 700 | 1 |
_aMurdocca, Sal, _eill. |
|
| 700 | 1 |
_aOsborne, Mary Pope. _tKnight at dawn. |
|
| 906 |
_a7 _bcbc _corignew _d1 _eecip _f20 _gy-gencatlg |
||
| 942 |
_2ddc _cBK _n0 |
||
| 999 |
_c424 _d424 |
||